000 01212nam a2200229Ia 4500
001 L371-24362
003 IT-CnALBA
008 170116s9999||||xx |||||||||||||| ||und||
040 _aIT-CnALBA
_cIT-CnALBA
041 _aITALIANO
100 _aCAPPONI GINO
245 0 _aFRAMMENTO SULL'EDUCAZIONE. INTRODUZIONE E NOTE DI MARIO CASOTTI.
250 _a3a ed.
260 _a BRESCIA
_bLA SCUOLA, SOCIETÀ EDITRICE
_c1942 [1° Ed.: n.d.]
300 _a146 p.
500 _aEDUCAZIONE DEGLI ANTICHI. CRISTIANESIMO. EDUCAZIONE MODERNA. GESUITI. AUTORITÀ. LOTTA CONTRO L'EDUCAZIONE DELLA CHIESA. LIBERALISMO MODERNO. EDUCAZIONE COME ARTE. EDUCAZIONE DEI BAMBINI. VOLONTÀ. ISTRUZIONE. LETTERATURA DELL'INFANZIA. CASTIGHI. PRIVATA E
501 _aSocietà San Paolo EM - Piazza San Paolo, 14 - 12051 ALBA (CN) (non commercial uses only) ® Copyright 2017
520 _aEDUCAZIONE DEGLI ANTICHI. CRISTIANESIMO. EDUCAZIONE MODERNA. GESUITI. AUTORITÀ. LOTTA CONTRO L'EDUCAZIONE DELLA CHIESA. LIBERALISMO MODERNO. EDUCAZIONE COME ARTE. EDUCAZIONE DEI BAMBINI. VOLONTÀ. ISTRUZIONE. LETTERATURA DELL'INFANZIA. CASTIGHI. PRIVATA E
650 _aISTRUZIONE - EDUCAZIONE
942 _cBK
957 _71
999 _a29130
_bSI
_g Copie: 1
_c283468
_d283468